[Event "MVP-ch Seniors op 11th"]
[Site "Binz"]
[Date "2011.11.30"]
[Round "1.61"]
[White "Pamperin, Gerhard"]
[Black "Boerner, Heinrich"]
[Result "1-0"]
[WhiteElo "1812"]
[BlackElo "1481"]
[PlyCount "65"]
[EventDate "2011.11.30"]
[EventType "swiss"]
[EventRounds "9"]
[EventCountry "GER"]
[SourceTitle "EXT 2013"]
[Source "ChessBase"]
[SourceDate "2012.11.22"]
[SourceVersion "1"]
[SourceVersionDate "2012.11.22"]
[SourceQuality "1"]

1. d4 Nf6 2. c4 e6 3. Nc3 b6 4. e4 Bb7 5. Bd3 h6 6. Nge2 Bb4 7. 0-0 d5 8. cxd5 exd5 9. Qa4+ Nc6 10. Bb5 0-0 11. Bxc6 Bxc6 12. Qxc6 Bxc3 13. Nxc3 dxe4 14. Nxe4 Nd5 15. a3 Re8 16. Qc2 Qh4 17. Nc3 Nf6 18. d5 Rad8 19. h3 Re7 20. Be3 Nxd5 21. Nxd5 Rxd5 22. Rfd1 Rdd7 23. Rxd7 Rxd7 24. Rd1 Rxd1+ 25. Qxd1 Qf6 26. Qd4 Qe7 27. Qd5 c5 28. g3 Kh7 29. Kg2 Qf6 30. b4 cxb4 31. axb4 a6 32. Qd3+ g6 33. Qxa6 1-0

[Event "Niedersachsen-ch Seniors op 13th"]
[Site "Bad Bevensen"]
[Date "2010.07.13"]
[Round "8"]
[White "Boerner, Heinrich"]
[Black "Garbe, Eckhard"]
[Result "0-1"]
[WhiteElo "1484"]
[BlackElo "1438"]
[PlyCount "60"]
[EventDate "2010.07.06"]
[EventType "swiss"]
[EventRounds "9"]
[EventCountry "GER"]
[SourceTitle "EXT 2012"]
[Source "ChessBase"]
[SourceDate "2011.11.24"]
[SourceVersion "1"]
[SourceVersionDate "2011.11.24"]
[SourceQuality "1"]

1. e4 c5 2. b3 e5 3. Bb2 d6 4. Bc4 Nf6 5. Nc3 Nc6 6. Nf3 Bg4 7. Bb5 a6 8. Bxc6+ bxc6 9. h3 Be6 10. Ng5 Qd7 11. 0-0 Be7 12. f4 exf4 13. Rxf4 h6 14. Nxe6 Qxe6 15. d3 a5 16. Qf3 0-0 17. Ne2 a4 18. Rf1 axb3 19. axb3 Ra2 20. Bxf6 Bxf6 21. Rg4 Kh8 22. Nf4 Qe7 23. Nh5 Bd4+ 24. Kh1 Rxc2 25. Ng3 Bf6 26. Nf5 Qe5 27. Qd1 Rb2 28. Rf3 d5 29. h4 Ra2 30. Rgg3 Ra1 0-1

[Event "Niedersachsen-ch Seniors op 13th"]
[Site "Bad Bevensen"]
[Date "2010.07.11"]
[Round "6"]
[White "Boerner, Heinrich"]
[Black "Kluger, Hans Peter"]
[Result "0-1"]
[WhiteElo "1484"]
[BlackElo "1743"]
[PlyCount "71"]
[EventDate "2010.07.06"]
[EventType "swiss"]
[EventRounds "9"]
[EventCountry "GER"]
[SourceTitle "EXT 2012"]
[Source "ChessBase"]
[SourceDate "2011.11.24"]
[SourceVersion "1"]
[SourceVersionDate "2011.11.24"]
[SourceQuality "1"]

1. Nc3 d5 2. d4 Bf5 3. Nf3 c6 4. e3 h6 5. Bd3 Bg4 6. Be2 Nf6 7. Ne5 Bf5 8. h3 Nbd7 9. Bd3 Ne4 10. Bxe4 dxe4 11. Nxd7 Qxd7 12. 0-0 e6 13. f3 exf3 14. Qxf3 Bg6 15. b3 Bb4 16. Ne4 Qd5 17. Nc5 Qxf3 18. Rxf3 Bxc5 19. dxc5 Bxc2 20. Bb2 0-0 21. Raf1 Rad8 22. Bd4 f6 23. R3f2 Bd3 24. Rd1 Bg6 25. Rfd2 Be4 26. Bc3 Rd5 27. Rxd5 cxd5 28. Kf2 Rc8 29. Bb4 b6 30. cxb6 axb6 31. Rd2 Kf7 32. Bd6 g5 33. b4 e5 34. b5 Ke6 35. Bb4 Rc4 36. Rb2 0-1

[Event "Niedersachsen-ch Seniors op 13th"]
[Site "Bad Bevensen"]
[Date "2010.07.09"]
[Round "4"]
[White "Boerner, Heinrich"]
[Black "Bischof, Rainer"]
[Result "0-1"]
[WhiteElo "1484"]
[BlackElo "1809"]
[PlyCount "48"]
[EventDate "2010.07.06"]
[EventType "swiss"]
[EventRounds "9"]
[EventCountry "GER"]
[SourceTitle "EXT 2012"]
[Source "ChessBase"]
[SourceDate "2011.11.24"]
[SourceVersion "1"]
[SourceVersionDate "2011.11.24"]
[SourceQuality "1"]

1. d4 Nf6 2. Nf3 e6 3. c4 Bb4+ 4. Bd2 Qe7 5. a3 Bxd2+ 6. Nbxd2 d6 7. e3 a5 8. Bd3 0-0 9. 0-0 Nbd7 10. Rc1 Re8 11. Qc2 c5 12. Ne4 Nxe4 13. Bxe4 Nf6 14. Bd3 e5 15. dxe5 dxe5 16. e4 Nh5 17. Be2 Ra6 18. h3 Nf4 19. Nh2 Qg5 20. Bg4 Bxg4 21. hxg4 Rh6 22. g3 Rxh2 23. Kxh2 Qxg4 24. gxf4 Re6 0-1

[Event "Niedersachsen-ch Seniors 44th"]
[Site "Cadenberge"]
[Date "2010.04.21"]
[Round "9"]
[White "Boerner, Heinrich"]
[Black "Drechsel, Dieter"]
[Result "1-0"]
[WhiteElo "1580"]
[BlackElo "1536"]
[PlyCount "33"]
[EventDate "2010.04.13"]
[EventType "swiss"]
[EventRounds "9"]
[EventCountry "GER"]
[SourceTitle "EXT 2019"]
[Source "ChessBase"]
[SourceDate "2018.10.10"]
[SourceVersion "1"]
[SourceVersionDate "2018.10.10"]
[SourceQuality "1"]

1. e4 e6 2. Nc3 d5 3. exd5 exd5 4. d4 c6 5. Nf3 Nf6 6. h3 Bd6 7. Bd3 0-0 8. 0-0 Re8 9. Bg5 Nbd7 10. Qd2 Qc7 11. Rfe1 Kf8 12. Rxe8+ Kxe8 13. Re1+ Kf8 14. Qe3 c5 15. Nxd5 Qd8 16. Bxf6 gxf6 17. Qh6+ 1-0